000 01566cam a2200169 4500500
005 20260111090807.0
041 _afre
042 _adc
100 1 0 _aGautherin, Jacqueline
_eauthor
245 0 0 _aLe « modèle républicain » en France : un modèle sous tensions
260 _c2015.
500 _a5
520 _aLe « modèle républicain », « français », de la laïcité est fondamentalement hybride, traversé de tensions qui se sont exacerbées récemment. Depuis la fin du xixe siècle, le régime de laïcité organise les rapports entre l’État et les Églises en se référant à la fois aux principes politiques de respect de la liberté des citoyens et de respect de l’intérêt général. Ce compromis est aujourd’hui mis à l’épreuve, confronté aux demandes de reconnaissance des particularités individuelles et communautaires.
520 _aThe so-called French republican “laïcité” is basically a hybrid, increasing tension-ridden model. Since the end of the 19th century, the “laïcité” regime has been ruling the relationships between the State and the Churches, referring both to the policy principals of citizens’ freedom and of generalinterest. This compromise is nowadays put into test, and has to face demands of recognition of the individual and community peculiarities.
786 0 _nHistoire, monde et cultures religieuses | 32 | 4 | 2015-03-06 | p. 43-53 | 2267-7313
856 4 1 _uhttps://shs.cairn.info/revue-histoire-monde-et-cultures-religieuses-2014-4-page-43?lang=fr&redirect-ssocas=7080
999 _c1619668
_d1619668